000 02310nam0a2200385 4500
001 RU\NLR\BIBL_A\012017298
005 20201130115209.0
010 _a978-5-16-014585-3
_9500
021 _aRU
_bКН-П-19-029191
_9КН-П-19-2200
035 _a(NLR Aleph) 012017298
035 _a(RuMoRGB)009957437
090 _a11480963
_c11480963
100 _a20190521d2019 u y0rusy50 ca
101 0 _arus
102 _aRU
105 _aa j 010zy
200 1 _aВыпускная квалификационная работа
_eбакалавриат
_eучебное пособие
_eдля студентов высших учебных заведений, обучающихся по укрупненной группе специальностей и направлений 38.03.01 "Экономика" (квалификация (степень) "бакалавр")
_fЛ. Б. Лазарова, Ф. А. Каирова
210 _aМосква
_cИНФРА-М
_d2019
215 _a226, [1] с.
_cил., табл.
_d22
225 1 _aВысшее образование - Бакалавриат
225 1 _aБакалавриат
300 _aНа 4-й с. обл. авт.: Л. Б. Лазарова, д.э.н., доц., Ф. А. Каирова, к.э.н., доц.
300 _aНа тит. л. и обл.: Финансовый университет при Правительстве Российской Федерации 100 лет
320 _aБиблиогр.: с. 226 (10 назв.)
606 1 _aВыпускные квалификационные работы
_xМетодика написания
_xВысшие экономические учебные заведения
_jУчебные издания для высших учебных заведений
_2nlr_sh2
_3RU\NLR\AUTH\6601657048
686 1 _aЧ489.312.545я73
700 1 _aЛазарова
_bЛ. Б.
_gЛариса Борисовна
_3RU\NLR\AUTH\7752973
701 1 _aКаирова
_bФ. А.
_gФатима Асламбековна
_3RU\NLR\AUTH\770170122
942 _cBOOK
980 _aNBR
980 _aNB